[Event "Paracin op-A 18th"]
[Site "Paracin"]
[Date "2025.07.12"]
[Round "9"]
[White "Hafiz, Arif Abdul"]
[Black "Filip, Lucian Ioan"]
[Result "1-0"]
[WhiteElo "2368"]
[BlackElo "2327"]
[PlyCount "95"]
[EventDate "2025.07.04"]
[EventType "swiss"]
[EventRounds "9"]
[EventCountry "SRB"]
[SourceTitle "CB29_2025"]
[SourceDate "2025.07.16"]
[SourceVersion "1"]
[SourceVersionDate "2025.07.16"]
[SourceQuality "1"]

1. e4 c5 2. Nc3 e6 3. f4 d5 4. Nf3 d4 5. Ne2 Nc6 6. Ng3 a6 7. a4 Qc7 8. d3 Bd6 9. e5 Be7 10. Be2 Nh6 11. Nh5 g6 12. Ng3 Nb4 13. Ne4 Nd5 14. c4 dxc3 15. bxc3 Ng4 16. Qd2 f5 17. exf6 Ngxf6 18. c4 Nb4 19. Bb2 Nxe4 20. dxe4 Rf8 21. Ne5 Nc6 22. Nxc6 Qxc6 23. Bf3 Qd6 24. Be5 Qxd2+ 25. Kxd2 Bd7 26. Ke3 Bc6 27. h4 Rd8 28. Bg4 Kf7 29. h5 g5 30. Rhf1 gxf4+ 31. Rxf4+ Ke8 32. Rxf8+ Bxf8 33. Bxe6 Bh6+ 34. Bf4 Bg7 35. Rb1 Rd4 36. Bd5 Kd7 37. Rb6 Bxd5 38. cxd5 Kc8 39. h6 Bh8 40. Re6 Kd7 41. Rd6+ Kc8 42. e5 Rxa4 43. e6 Ra1 44. Ke4 Re1+ 45. Kf5 c4 46. Rd7 c3 47. Rc7+ Kd8 48. d6 1-0

[Event "Paracin op-A 18th"]
[Site "Paracin"]
[Date "2025.07.11"]
[Round "8"]
[White "Munkhbayar, Gijir"]
[Black "Filip, Lucian Ioan"]
[Result "0-1"]
[WhiteElo "2026"]
[BlackElo "2327"]
[PlyCount "170"]
[EventDate "2025.07.04"]
[EventType "swiss"]
[EventRounds "9"]
[EventCountry "SRB"]
[SourceTitle "CB29_2025"]
[SourceDate "2025.07.16"]
[SourceVersion "1"]
[SourceVersionDate "2025.07.16"]
[SourceQuality "1"]

1. d4 Nf6 2. c4 g6 3. Nc3 Bg7 4. e4 d6 5. Be2 0-0 6. Nf3 e5 7. 0-0 exd4 8. Nxd4 Re8 9. f3 c6 10. Bf4 Nh5 11. Be3 f5 12. Qd2 f4 13. Bf2 Be5 14. Rfd1 Qf6 15. Nc2 Na6 16. Na4 c5 17. Na3 Nc7 18. Nb5 Nxb5 19. cxb5 Be6 20. b6 Qf7 21. Bb5 Rf8 22. bxa7 Rxa7 23. Nb6 Qc7 24. Nc4 Bxc4 25. Bxc4+ Kh8 26. Rab1 b5 27. Bxb5 Rxa2 28. Bc4 Ra4 29. b3 Rb4 30. Qd3 Qg7 31. Rd2 Nf6 32. Ra2 Rbb8 33. Ra6 Qe7 34. Rd1 Rfd8 35. Rd2 Ra8 36. Rda2 Rxa6 37. Rxa6 h6 38. Qd2 Qc7 39. g3 Nh5 40. Kg2 Rf8 41. Qd5 Nf6 42. Qe6 g5 43. Be1 Qd7 44. Qxd7 Nxd7 45. Ra7 Nf6 46. Bd2 Rd8 47. Be6 Re8 48. Bf7 Rd8 49. h4 Rd7 50. Ra8+ Kg7 51. Be6 Re7 52. Bc4 Kh7 53. gxf4 gxf4 54. Kf1 Nh5 55. Rf8 Kg7 56. Rg8+ Kh7 57. Rf8 Kg7 58. Ra8 Kh7 59. Ke2 Rg7 60. Be6 Rg2+ 61. Kd3 Rg3 62. Ra7+ Kh8 63. Kc4 Rxf3 64. Bg4 Rf2 65. Be1 Rf1 66. Bxh5 Rxe1 67. Kd5 Rh1 68. Ke6 Rxh4 69. Bg6 Rh1 70. Kf7 Ra1 71. Rxa1 Bxa1 72. Bh5 Be5 73. Bg4 h5 74. Bxh5 Kh7 75. Ke6 Kh6 76. Bd1 Kg5 77. Kd5 Kh4 78. Kc4 Kg3 79. Kd3 f3 80. Ke3 f2 81. Be2 Kg2 82. b4 cxb4 83. Bf1+ Kxf1 84. Kf3 Ke1 85. Ke3 b3 0-1

[Event "Paracin op-A 18th"]
[Site "Paracin"]
[Date "2025.07.07"]
[Round "4"]
[White "Harsh, Suresh"]
[Black "Filip, Lucian Ioan"]
[Result "1-0"]
[WhiteElo "2390"]
[BlackElo "2327"]
[PlyCount "89"]
[EventDate "2025.07.04"]
[EventType "swiss"]
[EventRounds "9"]
[EventCountry "SRB"]
[SourceTitle "CB29_2025"]
[SourceDate "2025.07.16"]
[SourceVersion "1"]
[SourceVersionDate "2025.07.16"]
[SourceQuality "1"]

1. e4 e6 2. d4 d5 3. Nc3 Nf6 4. e5 Nfd7 5. f4 c5 6. Nf3 Nc6 7. Be3 Rb8 8. a3 cxd4 9. Nxd4 Bc5 10. Qd2 Nxd4 11. Bxd4 Bxd4 12. Qxd4 Qb6 13. Nb5 Qxd4 14. Nxd4 Ke7 15. Bd3 Nc5 16. Kd2 Bd7 17. b4 Na4 18. Rhf1 Rbc8 19. h4 h5 20. f5 Nb2 21. fxe6 fxe6 22. Rf3 Nc4+ 23. Bxc4 Rxc4 24. c3 Rf8 25. Raf1 Rxf3 26. Rxf3 a5 27. Rg3 Kf7 28. Rg5 axb4 29. axb4 Rc8 30. Rxh5 Ra8 31. Kd3 Ra2 32. Rh8 Rxg2 33. Rb8 Rg3+ 34. Kd2 Rg2+ 35. Ke1 b5 36. Nb3 d4 37. Rb7 Ke8 38. Nxd4 Rg3 39. Kd2 Rg2+ 40. Kc1 Rg3 41. Kc2 Re3 42. Nxb5 Rxe5 43. Nd6+ Ke7 44. Nc4 Rb5 45. Nb6 1-0

[Event "Paracin op-A 18th"]
[Site "Paracin"]
[Date "2025.07.05"]
[Round "3"]
[White "Filip, Lucian Ioan"]
[Black "Laurusas, Tomas"]
[Result "1-0"]
[WhiteElo "2327"]
[BlackElo "2541"]
[PlyCount "57"]
[EventDate "2025.07.04"]
[EventType "swiss"]
[EventRounds "9"]
[EventCountry "SRB"]
[SourceTitle "CB29_2025"]
[SourceDate "2025.07.16"]
[SourceVersion "1"]
[SourceVersionDate "2025.07.16"]
[SourceQuality "1"]

1. d4 Nf6 2. c4 e6 3. Nc3 Bb4 4. Bd2 d5 5. e3 0-0 6. Nf3 b6 7. cxd5 exd5 8. Bd3 Bb7 9. Qc2 a6 10. 0-0 Re8 11. Ne5 Bd6 12. f4 c5 13. Be1 cxd4 14. exd4 Nc6 15. Nxc6 Bxc6 16. Bh4 h6 17. Kh1 b5 18. Na4 Rc8 19. Nc5 a5 20. Rac1 Be7 21. Bf5 Bd7 22. Bxf6 Bxf6 23. Bxd7 Rxc5 24. dxc5 Qxd7 25. c6 Qc7 26. Qc5 b4 27. Qxd5 Bxb2 28. Qd7 Re7 29. Qxe7 1-0

[Event "Vojvodina op 15th"]
[Site "Novi Sad"]
[Date "2025.06.29"]
[Round "6"]
[White "Filip, Lucian Ioan"]
[Black "Laurusas, Tomas"]
[Result "1/2-1/2"]
[WhiteElo "2336"]
[BlackElo "2566"]
[PlyCount "42"]
[EventDate "2025.06.25"]
[EventType "swiss"]
[EventRounds "9"]
[EventCountry "SRB"]
[SourceTitle "CB27_2025"]
[SourceDate "2025.07.02"]
[SourceVersion "1"]
[SourceVersionDate "2025.07.02"]
[SourceQuality "1"]

1. d4 d5 2. c4 c6 3. Nc3 Nf6 4. e3 g6 5. Nf3 Bg7 6. Be2 0-0 7. 0-0 a6 8. a4 a5 9. cxd5 cxd5 10. b3 Nc6 11. Ba3 Bg4 12. Ne5 Bxe2 13. Qxe2 Nxe5 14. dxe5 Ne4 15. Nxe4 dxe4 16. Qc4 Qd3 17. Qxd3 exd3 18. Rad1 Bxe5 19. Rxd3 Rfd8 20. Rfd1 Rxd3 21. Rxd3 Rc8 1/2-1/2

[Event "Vojvodina op 15th"]
[Site "Novi Sad"]
[Date "2025.06.27"]
[Round "3"]
[White "Orlic, Vukasin"]
[Black "Filip, Lucian Ioan"]
[Result "0-1"]
[WhiteElo "1934"]
[BlackElo "2336"]
[PlyCount "62"]
[EventDate "2025.06.25"]
[EventType "swiss"]
[EventRounds "9"]
[EventCountry "SRB"]
[SourceTitle "CB27_2025"]
[SourceDate "2025.07.02"]
[SourceVersion "1"]
[SourceVersionDate "2025.07.02"]
[SourceQuality "1"]

1. e4 c5 2. Nf3 e6 3. d4 cxd4 4. Nxd4 a6 5. Bd3 Qb6 6. Nb3 Qc7 7. c4 d6 8. Nc3 Nf6 9. 0-0 b6 10. Qe2 Be7 11. Be3 Bb7 12. Rac1 Nbd7 13. f4 0-0 14. Rfd1 Rfe8 15. h3 g6 16. Qf2 Rab8 17. Nd2 Rec8 18. a3 Qd8 19. b4 Ne8 20. g4 Bh4 21. Qe2 Bf6 22. g5 Bg7 23. Nb3 Ba8 24. Qf2 b5 25. c5 dxc5 26. Nxc5 Nxc5 27. Bxc5 Rxc5 28. Bf1 Rxc3 29. Rxd8 Rxd8 30. Rxc3 Bxc3 31. Qc2 Bd2 0-1

[Event "Vojvodina op 15th"]
[Site "Novi Sad"]
[Date "2025.06.26"]
[Round "2"]
[White "Filip, Lucian Ioan"]
[Black "Gunesli, Eymen Giray"]
[Result "1-0"]
[WhiteElo "2336"]
[BlackElo "1936"]
[PlyCount "127"]
[EventDate "2025.06.25"]
[EventType "swiss"]
[EventRounds "9"]
[EventCountry "SRB"]
[SourceTitle "CB27_2025"]
[SourceDate "2025.07.02"]
[SourceVersion "1"]
[SourceVersionDate "2025.07.02"]
[SourceQuality "1"]

1. d4 d5 2. c4 dxc4 3. Nf3 Nf6 4. e3 e6 5. Bxc4 c5 6. 0-0 cxd4 7. exd4 Be7 8. Qe2 0-0 9. Nc3 Nc6 10. Rd1 Na5 11. Bd3 b6 12. Qe5 Bd6 13. Qg5 Bb7 14. Ne5 Be7 15. Qh4 g6 16. Bh6 Nh5 17. Qg4 Nf6 18. Qe2 Nh5 19. Bxf8 Bxf8 20. Be4 Bxe4 21. Qxe4 Rc8 22. d5 Nf6 23. Qf3 exd5 24. Nxd5 Bg7 25. b4 Nc4 26. Nxc4 Rxc4 27. Qe2 Nxd5 28. Qxc4 Bxa1 29. Qxd5 Qxd5 30. Rxd5 Kf8 31. Rd8+ Kg7 32. b5 Kf6 33. Rd7 Ke6 34. Rxa7 Bd4 35. Kf1 h5 36. h3 h4 37. Rc7 g5 38. Ke2 f6 39. g3 hxg3 40. fxg3 f5 41. Rc6+ Kf7 42. Kf3 Kg7 43. h4 gxh4 44. gxh4 Kh7 45. Kf4 Kg7 46. Kxf5 Kh7 47. Rg6 Be3 48. h5 Bd4 49. Ke6 Be3 50. Kd7 Bd4 51. Kc8 Be3 52. Kb7 Bd4 53. a4 Be3 54. Rxb6 Bxb6 55. Kxb6 Kh6 56. Kc5 Kxh5 57. b6 Kg6 58. b7 Kf7 59. b8Q Ke7 60. Qf4 Kd7 61. Qf7+ Kd8 62. Kc6 Kc8 63. a5 Kb8 64. Qb7# 1-0

[Event "Vojvodina op 15th"]
[Site "Novi Sad"]
[Date "2025.06.25"]
[Round "1"]
[White "Prokhorov, Ivan"]
[Black "Filip, Lucian Ioan"]
[Result "1/2-1/2"]
[WhiteElo "2121"]
[BlackElo "2336"]
[PlyCount "40"]
[EventDate "2025.06.25"]
[EventType "swiss"]
[EventRounds "9"]
[EventCountry "SRB"]
[SourceTitle "CB27_2025"]
[SourceDate "2025.07.02"]
[SourceVersion "1"]
[SourceVersionDate "2025.07.02"]
[SourceQuality "1"]

1. d4 Nf6 2. Nf3 e6 3. c4 b6 4. g3 Ba6 5. b3 Bb7 6. Bg2 Bb4+ 7. Bd2 a5 8. a3 Be7 9. Nc3 d5 10. 0-0 0-0 11. Qc2 Nbd7 12. Rfd1 Rc8 13. cxd5 exd5 14. Bf4 Nh5 15. Be3 c6 16. Bh3 Bd6 17. Bg5 Qe8 18. Bg4 f6 19. Be3 g6 20. Bxh5 gxh5 1/2-1/2

[Event "Munich Whitsun op-A 3rd"]
[Site "Munich"]
[Date "2025.06.13"]
[Round "8"]
[White "Alvarez Serrano, Carlos"]
[Black "Filip, Lucian Ioan"]
[Result "1-0"]
[WhiteElo "2153"]
[BlackElo "2336"]
[PlyCount "77"]
[EventDate "2025.06.08"]
[EventType "swiss"]
[EventRounds "9"]
[EventCountry "GER"]
[SourceTitle "CB26_2025"]
[SourceDate "2025.06.25"]
[SourceVersion "1"]
[SourceVersionDate "2025.06.25"]
[SourceQuality "1"]

1. c4 e6 2. g3 d5 3. Bg2 Nf6 4. Nf3 d4 5. e3 c5 6. exd4 cxd4 7. d3 Nc6 8. 0-0 Bd6 9. Bg5 h6 10. Bxf6 Qxf6 11. Nbd2 Bc7 12. b4 0-0 13. b5 Na5 14. Re1 a6 15. Qa4 Rd8 16. Qb4 Rd7 17. Rac1 axb5 18. cxb5 e5 19. Rc2 Bd6 20. Rxc8+ Rxc8 21. Qxa5 Bc7 22. Qa4 Re7 23. Rc1 Qe6 24. Qc4 Qb6 25. Nh4 g6 26. Qc5 Qxc5 27. Rxc5 Ra8 28. Bxb7 Rxa2 29. Nc4 Kg7 30. Nf3 Ra1+ 31. Kg2 Rd1 32. Nfd2 f5 33. Bf3 Rc1 34. Rc6 Rc3 35. Be2 h5 36. b6 Bxb6 37. Rxb6 e4 38. Rd6 e3 39. Nf3 1-0

[Event "Munich Whitsun op-A 3rd"]
[Site "Munich"]
[Date "2025.06.09"]
[Round "3"]
[White "Filip, Lucian Ioan"]
[Black "Friedrich, Ricardo"]
[Result "1/2-1/2"]
[WhiteElo "2336"]
[BlackElo "2209"]
[PlyCount "31"]
[EventDate "2025.06.08"]
[EventType "swiss"]
[EventRounds "9"]
[EventCountry "GER"]
[SourceTitle "CB26_2025"]
[SourceDate "2025.06.25"]
[SourceVersion "1"]
[SourceVersionDate "2025.06.25"]
[SourceQuality "1"]

1. d4 Nf6 2. c4 e6 3. Nc3 Bb4 4. Bd2 c5 5. dxc5 0-0 6. Nf3 Na6 7. g3 Nxc5 8. Bg2 b6 9. 0-0 Bb7 10. Rc1 Rc8 11. Nb5 Bxd2 12. Qxd2 Nce4 13. Qd4 a6 14. Nc3 d5 15. cxd5 Nxc3 16. Rxc3 1/2-1/2

[Event "Munich Whitsun op-A 3rd"]
[Site "Munich"]
[Date "2025.06.08"]
[Round "1"]
[White "Filip, Lucian Ioan"]
[Black "Naveen Kumar, P."]
[Result "1-0"]
[WhiteElo "2336"]
[BlackElo "2098"]
[PlyCount "75"]
[EventDate "2025.06.08"]
[EventType "swiss"]
[EventRounds "9"]
[EventCountry "GER"]
[SourceTitle "CB26_2025"]
[SourceDate "2025.06.25"]
[SourceVersion "1"]
[SourceVersionDate "2025.06.25"]
[SourceQuality "1"]

1. d4 d5 2. c4 c6 3. Nf3 Nf6 4. e3 e6 5. Bd3 Nbd7 6. 0-0 dxc4 7. Bxc4 b5 8. Bd3 Bd6 9. a4 b4 10. e4 e5 11. Nbd2 0-0 12. Nc4 Qc7 13. Qe2 Re8 14. dxe5 Nxe5 15. Nfxe5 Bxe5 16. Nxe5 Qxe5 17. f4 Qc7 18. e5 Nd5 19. Kh1 a5 20. Be3 Nxe3 21. Qxe3 Ba6 22. Bxa6 Rxa6 23. Rac1 Raa8 24. Rc5 Rad8 25. Rfc1 Qb6 26. Qf3 Re6 27. f5 Rh6 28. h3 Qc7 29. f6 gxf6 30. exf6 Rg6 31. Rxc6 Qd7 32. Rc7 Qd6 33. Rc8 Rxf6 34. Qg4+ Rg6 35. Rxd8+ Qxd8 36. Rc8 Qxc8 37. Qxc8+ Kg7 38. Qc5 1-0

[Event "Sofia Spring op 1st"]
[Site "Sofia"]
[Date "2025.05.27"]
[Round "7"]
[White "Jirasek, Pavel"]
[Black "Filip, Lucian Ioan"]
[Result "1/2-1/2"]
[WhiteElo "2288"]
[BlackElo "2345"]
[PlyCount "92"]
[EventDate "2025.05.23"]
[EventType "swiss"]
[EventRounds "9"]
[EventCountry "BUL"]
[SourceTitle "CB23_2025"]
[SourceDate "2025.06.04"]
[SourceVersion "1"]
[SourceVersionDate "2025.06.04"]
[SourceQuality "1"]

1. c4 Nf6 2. g3 e6 3. Bg2 d5 4. Nf3 dxc4 5. Qa4+ Nbd7 6. Qxc4 a6 7. Qb3 c5 8. d3 Qc7 9. a4 b6 10. 0-0 Bb7 11. Na3 Be7 12. Nc4 0-0 13. Bf4 Qd8 14. Rfd1 Bc6 15. Nfe5 Nxe5 16. Bxe5 Bxg2 17. Kxg2 Nd7 18. d4 Qc8 19. dxc5 Bxc5 20. Qf3 Ra7 21. Rac1 Nxe5 22. Nxe5 Rc7 23. Nd3 a5 24. Rc4 Qa8 25. Rdc1 Qxf3+ 26. Kxf3 Rfc8 27. R1c3 Kf8 28. Rb3 Ke7 29. Nxc5 Rxc5 30. Rxc5 bxc5 31. Rb7+ Kf6 32. Ke3 c4 33. Kd4 Rd8+ 34. Kc3 Rd1 35. Rb5 Rf1 36. f3 Rf2 37. Kd2 Rxh2 38. Rxa5 Rh1 39. Rb5 h5 40. Rb4 Rb1 41. Kc3 Rc1+ 42. Kd2 Rb1 43. Rxc4 Rxb2+ 44. Rc2 Rxc2+ 45. Kxc2 g5 46. a5 Ke5 1/2-1/2

[Event "Bucharest ROM GP"]
[Site "Bucharest"]
[Date "2025.05.11"]
[Round "10"]
[White "Filip, Lucian Ioan"]
[Black "Stoyanov, Tsvetan"]
[Result "0-1"]
[WhiteElo "2345"]
[BlackElo "2453"]
[PlyCount "93"]
[EventDate "2025.05.10"]
[EventType "swiss"]
[EventRounds "10"]
[EventCountry "ROU"]
[SourceTitle "CB20_2025"]
[SourceDate "2025.05.14"]
[SourceVersion "1"]
[SourceVersionDate "2025.05.14"]
[SourceQuality "1"]

1. Nf3 d5 2. d4 Nf6 3. c4 dxc4 4. Qa4+ c6 5. Qxc4 Bf5 6. g3 e6 7. Bg2 Nbd7 8. 0-0 Be7 9. e3 0-0 10. Qe2 h6 11. Nc3 Bh7 12. Rd1 Rc8 13. e4 b5 14. e5 Nd5 15. Nxd5 cxd5 16. Qxb5 Rb8 17. Qe2 Qb6 18. b3 Rfc8 19. Ne1 a5 20. Bf1 Rc6 21. Qe3 Bg5 22. f4 Be7 23. Bd3 Bxd3 24. Nxd3 Rbc8 25. Bd2 Ba3 26. Rab1 Rc2 27. b4 axb4 28. Nxb4 Bxb4 29. Rxb4 Qa6 30. a3 Ra2 31. Rc1 Rxc1+ 32. Bxc1 Rc2 33. Rb1 Qc4 34. Bd2 Qa2 35. Rd1 Nb6 36. Be1 Nc4 37. Qf3 Nxa3 38. f5 Nc4 39. fxe6 fxe6 40. Bf2 Nd2 41. Qg4 Qa6 42. Be3 Ne4 43. Bxh6 Rc7 44. Rb1 Qd3 45. Qxe6+ Kh7 46. Qf5+ g6 47. Qf3 0-1

[Event "Bucharest ROM GP"]
[Site "Bucharest"]
[Date "2025.05.11"]
[Round "9"]
[White "Ovezdurdiyeva, Jemal"]
[Black "Filip, Lucian Ioan"]
[Result "0-1"]
[WhiteElo "2124"]
[BlackElo "2345"]
[PlyCount "118"]
[EventDate "2025.05.10"]
[EventType "swiss"]
[EventRounds "10"]
[EventCountry "ROU"]
[SourceTitle "CB20_2025"]
[SourceDate "2025.05.14"]
[SourceVersion "1"]
[SourceVersionDate "2025.05.14"]
[SourceQuality "1"]

1. d4 Nf6 2. c4 g6 3. Nc3 Bg7 4. Nf3 d6 5. Bg5 h6 6. Bh4 g5 7. Bg3 Nh5 8. e3 c5 9. Be2 cxd4 10. Nxd4 Nxg3 11. hxg3 Nc6 12. Nxc6 bxc6 13. Qc2 Qa5 14. g4 Rb8 15. Rc1 Bd7 16. b3 d5 17. 0-0 dxc4 18. bxc4 h5 19. Ne4 hxg4 20. Rb1 Rd8 21. c5 Qc7 22. g3 Qe5 23. Rfd1 0-0 24. Nd2 Bf5 25. e4 Be6 26. Nb3 Rxd1+ 27. Rxd1 Rb8 28. Kg2 Rb4 29. Bd3 Bf6 30. Rb1 Kg7 31. Na5 Rxb1 32. Qxb1 Qxc5 33. Nb7 Qb6 34. Qxb6 axb6 35. Nd8 Bd7 36. a4 e5 37. Nb7 Be7 38. a5 bxa5 39. Nxa5 Bb4 40. Nc4 f6 41. Nb6 Be6 42. Kf1 Kf7 43. Ke2 Ke7 44. Nc4 Bc5 45. Nd2 Kd6 46. Nf1 Bd4 47. Ke1 Kc5 48. Be2 Bc3+ 49. Kd1 Kd4 50. Nh2 Bb3+ 51. Kc1 Kxe4 52. Nxg4 f5 53. Nf6+ Kd4 54. Nh7 g4 55. Nf6 Be1 56. f3 gxf3 57. Bxf3 e4 58. Bd1 Bxd1 59. Kxd1 Bxg3 0-1

[Event "EU-ch 25th"]
[Site "Eforie Nord"]
[Date "2025.03.25"]
[Round "10"]
[White "Shilon Rahav, Eliran"]
[Black "Filip, Lucian Ioan"]
[Result "0-1"]
[WhiteElo "2040"]
[BlackElo "2335"]
[PlyCount "52"]
[EventDate "2025.03.15"]
[EventType "swiss"]
[EventRounds "11"]
[EventCountry "ROU"]
[SourceTitle "CB13_2025"]
[SourceDate "2025.03.26"]
[SourceVersion "1"]
[SourceVersionDate "2025.03.26"]
[SourceQuality "1"]

1. e4 c5 2. Nf3 e6 3. g3 Nc6 4. Bg2 Nf6 5. Qe2 e5 6. 0-0 Be7 7. Nc3 d6 8. Nd5 Nxd5 9. exd5 Nb8 10. b4 cxb4 11. d4 Nd7 12. dxe5 Nxe5 13. Nxe5 dxe5 14. Bb2 0-0 15. Bxe5 Re8 16. Bb2 Bd7 17. Qd2 Bd6 18. Rfe1 Rxe1+ 19. Rxe1 Qf8 20. h4 b6 21. Bf3 h6 22. Qd4 Bc5 23. Qf4 Bd6 24. Be5 Re8 25. Re2 Rxe5 26. Rxe5 f6 0-1

[Event "EU-ch 24th"]
[Site "Petrovac"]
[Date "2024.11.18"]
[Round "10"]
[White "Brzezina, Pawel"]
[Black "Filip, Lucian Ioan"]
[Result "1/2-1/2"]
[WhiteElo "2064"]
[BlackElo "2341"]
[PlyCount "54"]
[EventDate "2024.11.08"]
[EventType "swiss"]
[EventRounds "11"]
[EventCountry "MNE"]
[SourceTitle "CB47_2024"]
[SourceDate "2024.11.20"]
[SourceVersion "1"]
[SourceVersionDate "2024.11.20"]
[SourceQuality "1"]

1. d4 Nf6 2. c4 e6 3. Nf3 b6 4. a3 Ba6 5. Qc2 Bb7 6. Nc3 c5 7. e4 cxd4 8. Nxd4 Bc5 9. Nb3 Nc6 10. Bd3 Be7 11. Bf4 d6 12. 0-0 0-0 13. Rad1 Ne5 14. Be2 Qc7 15. Nb5 Qb8 16. f3 a6 17. Nc3 Qc7 18. Nd2 Rac8 19. Qb1 Rfe8 20. Kh1 Kh8 21. Rfe1 Rg8 22. Be3 g5 23. Na4 Nfd7 24. Qa2 Nc5 25. Nxc5 dxc5 26. Rf1 Nc6 27. f4 gxf4 1/2-1/2

[Event "EU-ch 24th"]
[Site "Petrovac"]
[Date "2024.11.16"]
[Round "8"]
[White "Tamas, Christian Arrydan"]
[Black "Filip, Lucian Ioan"]
[Result "1/2-1/2"]
[WhiteElo "2166"]
[BlackElo "2341"]
[PlyCount "128"]
[EventDate "2024.11.08"]
[EventType "swiss"]
[EventRounds "11"]
[EventCountry "MNE"]
[SourceTitle "CB47_2024"]
[SourceDate "2024.11.20"]
[SourceVersion "1"]
[SourceVersionDate "2024.11.20"]
[SourceQuality "1"]

1. d4 e6 2. c4 Nf6 3. Nc3 Bb4 4. e3 0-0 5. Bd3 c5 6. a3 Bxc3+ 7. bxc3 Nc6 8. Ne2 b6 9. 0-0 Ba6 10. e4 Ne8 11. f4 f5 12. exf5 exf5 13. dxc5 bxc5 14. Be3 d6 15. Ng3 g6 16. Re1 Nf6 17. Bf2 Qd7 18. Nf1 Rae8 19. Rxe8 Rxe8 20. Bh4 Nh5 21. Qf3 Bb7 22. Qf2 Nd8 23. Ne3 Ne6 24. Be2 Nhxf4 25. Bf3 Nd3 26. Qf1 Bxf3 27. Qxf3 Ne5 28. Qd5 Kg7 29. Rd1 Nf4 30. Qd2 Qe6 31. Rb1 Kg8 32. Nd5 Nxd5 33. cxd5 Qf7 34. Qe2 Qxd5 35. Qa6 Qe4 36. Qb5 Kf8 37. Bg5 Nf7 38. Bd2 Qe2 39. Bf4 Qxb5 40. Rxb5 Re4 41. Bd2 Ra4 42. Bc1 Ke7 43. Rb7+ Ke6 44. Kf2 Ne5 45. Ke2 Nd7 46. Kd3 d5 47. Kc2 h5 48. h3 Ne5 49. Kb3 Ra6 50. Rc7 Nd3 51. Be3 f4 52. Bxc5 Nxc5+ 53. Rxc5 Rb6+ 54. Kc2 a6 55. Ra5 Rc6 56. Kd3 Ke5 57. h4 Rb6 58. c4 Rb3+ 59. Ke2 Ke4 60. cxd5 Rb2+ 61. Kf1 Ke3 62. Kg1 Rb1+ 63. Kh2 Rb6 64. Rc5 Rb3 1/2-1/2

[Event "EU-ch 24th"]
[Site "Petrovac"]
[Date "2024.11.13"]
[Round "6"]
[White "Gokerkan, Cem Kaan"]
[Black "Filip, Lucian Ioan"]
[Result "1-0"]
[WhiteElo "2490"]
[BlackElo "2341"]
[PlyCount "86"]
[EventDate "2024.11.08"]
[EventType "swiss"]
[EventRounds "11"]
[EventCountry "MNE"]
[SourceTitle "CB47_2024"]
[SourceDate "2024.11.20"]
[SourceVersion "1"]
[SourceVersionDate "2024.11.20"]
[SourceQuality "1"]

1. e4 e6 2. d4 d5 3. Nc3 Nf6 4. e5 Nfd7 5. f4 c5 6. Nf3 Nc6 7. Be3 Rb8 8. a3 cxd4 9. Nxd4 Bc5 10. Qd2 Nxd4 11. Bxd4 Bxd4 12. Qxd4 Qb6 13. Qd2 Qxb2 14. Rb1 Qxa3 15. Nb5 Qc5 16. Nd6+ Kf8 17. c4 Nb6 18. Rb5 Qc7 19. cxd5 Nxd5 20. Bc4 a6 21. Rb1 Qc5 22. Bxd5 Qxd5 23. Qb4 Kg8 24. 0-0 b5 25. Rbc1 Bd7 26. Rfd1 Qa8 27. Rc7 Be8 28. f5 a5 29. Qc5 h5 30. Qf2 Rh7 31. Rdc1 Qd5 32. Rc8 Rxc8 33. Rxc8 Rh8 34. fxe6 Qd1+ 35. Qf1 Qxf1+ 36. Kxf1 fxe6 37. Rxe8+ Kh7 38. Rxh8+ Kxh8 39. Nxb5 Kh7 40. Ke2 Kg6 41. Nd4 a4 42. Kd3 a3 43. Kc3 h4 1-0

[Event "Arad op 17th"]
[Site "Arad"]
[Date "2024.08.09"]
[Round "7"]
[White "Filip, Lucian Ioan"]
[Black "Nasuta, Grzegorz"]
[Result "1/2-1/2"]
[WhiteElo "2327"]
[BlackElo "2533"]
[PlyCount "27"]
[EventDate "2024.08.05"]
[EventType "swiss"]
[EventRounds "9"]
[EventCountry "ROU"]
[SourceTitle "CBM 221 Extra"]
[Source "ChessBase"]
[SourceDate "2024.09.30"]
[SourceVersion "1"]
[SourceVersionDate "2024.09.30"]
[SourceQuality "1"]

1. d4 d5 2. c4 c6 3. Nf3 Nf6 4. Qc2 dxc4 5. Qxc4 Bf5 6. g3 e6 7. Bg2 Nbd7 8. 0-0 Be7 9. Nc3 0-0 10. e3 Rc8 11. Qe2 b5 12. e4 Bg6 13. Ne5 Nxe5 14. dxe5 1/2-1/2

[Event "Arad op 17th"]
[Site "Arad"]
[Date "2024.08.08"]
[Round "6"]
[White "Stocek, Jiri"]
[Black "Filip, Lucian Ioan"]
[Result "0-1"]
[WhiteElo "2534"]
[BlackElo "2327"]
[PlyCount "60"]
[EventDate "2024.08.05"]
[EventType "swiss"]
[EventRounds "9"]
[EventCountry "ROU"]
[SourceTitle "CBM 221 Extra"]
[Source "ChessBase"]
[SourceDate "2024.09.30"]
[SourceVersion "1"]
[SourceVersionDate "2024.09.30"]
[SourceQuality "1"]

1. d4 Nf6 2. c4 e6 3. Nf3 b6 4. Bg5 Bb7 5. Nc3 h6 6. Bh4 Be7 7. Qc2 d6 8. Rd1 g5 9. Bg3 Nh5 10. e3 Nd7 11. b4 a5 12. a3 axb4 13. axb4 Kf8 14. c5 Qc8 15. Be2 bxc5 16. bxc5 Nxg3 17. hxg3 dxc5 18. dxc5 Nxc5 19. Nb5 Kg7 20. 0-0 Rd8 21. Ne5 Rxd1 22. Rxd1 Be4 23. Qc3 f6 24. Nd3 Bxd3 25. Bxd3 Nxd3 26. Rxd3 c5 27. Qd2 Ra1+ 28. Kh2 Qe8 29. g4 Qxb5 30. Rd7 Ra7 0-1

[Event "Timisoara Foisor Memorial Rapid"]
[Site "Timisoara"]
[Date "2024.08.03"]
[Round "3"]
[White "Filip, Lucian Ioan"]
[Black "Gavrilescu, David"]
[Result "0-1"]
[WhiteElo "2327"]
[BlackElo "2534"]
[PlyCount "68"]
[EventDate "2024.08.03"]
[EventType "swiss (rapid)"]
[EventRounds "9"]
[EventCountry "ROU"]
[SourceTitle "CBM 221 Extra"]
[Source "ChessBase"]
[SourceDate "2024.09.30"]
[SourceVersion "1"]
[SourceVersionDate "2024.09.30"]
[SourceQuality "1"]

1. d4 d5 2. c4 e6 3. Nf3 Nf6 4. g3 Bb4+ 5. Nbd2 dxc4 6. Bg2 a5 7. 0-0 b5 8. a3 Be7 9. b3 c3 10. Nb1 b4 11. axb4 Bxb4 12. Qc2 Bb7 13. Nxc3 c5 14. dxc5 Nbd7 15. Ba3 Bxa3 16. Rxa3 Nxc5 17. Na4 Nce4 18. Ne5 0-0 19. Nc4 Rc8 20. Nc3 Nc5 21. Nxa5 Bxg2 22. Kxg2 Qd4 23. Rd1 Qb4 24. Nc4 Rb8 25. Rb1 Nd5 26. Na2 Qb7 27. Kg1 Qe7 28. b4 Nd7 29. Ra7 Rfc8 30. Qd3 Ne5 31. Rxe7 Nxd3 32. Ra7 N3xb4 33. Nd6 Rd8 34. Nxb4 Rxd6 0-1